Les coéquipiers de Cristiano Ronaldo au Real - Statistiques

Statistiques générales
  • Ce quiz a été pris 543 fois
  • Le résultat moyen est 31 sur 75
Statistiques - réponses
Saisons Nationalité Joueur Nombre de matchs Poste % Correct
2009-2018 France Karim Benzema 342 A
98%
2012-2018 Croatie Luka Modric 222 M
97%
2009-2018 Espagne Sergio Ramos 339 D
97%
2009-2018 Brésil Marcelo 332 D
95%
2014-2018 Allemagne Toni Kroos 170 M
92%
2013-2018 Pays de Galles Gareth Bale 157 A
90%
2015-2018 Espagne Kiko Casilla 22 G
90%
2009-2017 Portugal Pepe 241 D
90%
2011-2018 France Raphaël Varane 199 D
88%
2014-2018 Costa Rica Keylor Navas 124 G
87%
2013-2018 Espagne Daniel Carvajal 165 D
85%
2012-2014, 2015-2018 Brésil Casemiro 108 M
77%
2010-2014 Argentine Ángel Di María 166 A
75%
2009-2015 Espagne Iker Casillas 228 G
75%
2014-2017 Colombie James Rodríguez 86 M
73%
2010-2013 Allemagne Mesut Özil 149 M
69%
2013-2018 Espagne Isco 188 M
68%
2009-2013 Argentine Gonzalo Higuaín 143 A
66%
2009-2014 Espagne Xabi Alonso 208 M
63%
2017-2018 Maroc Achraf Hakimi 8 D
62%
2010-2018 Espagne Nacho Fernández 117 D
62%
2011-2015, 2016-2017 Portugal Fábio Coentrão 93 D
60%
2010-2015 Allemagne Sami Khedira 145 M
59%
2014-2015 Mexique Javier Hernández 29 A
57%
2016-2018 Espagne Marco Asensio 55 A
53%
2015-2018 Croatie Mateo Kovacic 81 M
51%
2009-2013 Brésil Kaká 99 M
50%
2010-2014, 2016-2017 Espagne Álvaro Morata 62 A
48%
2009-2012 France Lassana Diarra 83 M
48%
2015-2018 Espagne Lucas Vázquez 100 A
48%
2016-2017 République Dominicaine Mariano Díaz 3 A
46%
2009-2011 Mali Mahamadou Diarra 23 M
45%
2009-2010 Espagne Marcos Alonso 1 D
44%
2012-2013 Ghana Michael Essien 30 M
44%
2017-2018 France Theo Hernández 9 D
44%
2010-2011 Togo Emmanuel Adebayor 18 A
43%
2009-2016 Espagne Álvaro Arbeloa 201 D
42%
2017-2018 France Luca Zidane 1 G
41%
2009-2010 Espagne Raúl 22 A
40%
2012-2014 Espagne Diego López 53 G
31%
2013-2016 Espagne Jesé 75 A
31%
2012-2013 Espagne José Rodríguez 2 M
31%
2010-2013 Portugal Ricardo Carvalho 68 D
29%
2015-2017 Brésil Danilo 45 D
27%
2017-2018 Espagne Dani Ceballos 10 M
25%
2009-2010 Espagne Guti 25 M
25%
2013-2015 Espagne Asier Illarramendi 70 M
22%
2009-2013 Espagne Raúl Albiol 95 D
20%
2011-2012 Turquie Nuri Şahin 7 M
19%
2017-2018 Espagne Jesús Vallejo 4 D
18%
2010-2011 Espagne Joselu 1 A
17%
2012-2013 Brésil Fabinho 1 M
16%
2010-2011 Pologne Jerzy Dudek 2 G
16%
2014-2015 Brésil Lucas Silva 9 M
15%
2015-2016, 2017-2018 Espagne Marcos Llorente 9 M
15%
2015-2016 Russie Denis Cheryshev 5 A
14%
2009-2011 Argentine Fernando Gago 24 M
14%
2011-2013 Espagne José Callejón 67 A
14%
2009-2010 Pays-Bas Rafael van der Vaart 21 M
14%
2011-2012 Turquie Hamit Altıntop 8 M
13%
2015-2016, 2017-2018 Espagne Borja Mayoral 16 A
12%
2009-2011 Argentine Ezequiel Garay 23 D
10%
2010-2011 Espagne Jesús Fernández 1 G
10%
2009-2010 Pays-Bas Royston Drenthe 5 D
10%
2009-2012 Espagne Esteban Granero 78 M
8%
2010-2013 Espagne Antonio Adán 12 G
7%
2009-2010 Allemagne Christoph Metzelder 2 D
6%
2010-2011 Espagne Pedro León 13 A
5%
2010-2011 Espagne Sergio Canales 8 M
4%
2009-2010 Espagne Pedro Mosquera 1 M
2%
2010-2011 Espagne Tomás Mejías 1 G
2%
2014-2015 Espagne Álvaro Medrán 3 M
1%
2010-2011 Espagne David Mateos 1 D
1%
2009-2010 Espagne Juanfran Moreno 1 D
1%
2010-2011 Espagne Juankar 1 D
1%
Aucun quiz correspondant
Distribution des résultats
% des personnes avec chaque résultat
Percentile par nombre de réponses
Votre historique - résultats
Vous n’avez pas pris ce quiz